Структурные сдвиги в экономике России в условиях инновационного типа развития: монография

Detaylı Bibliyografya
Yazar: Тютюшев А. П. Андрей Петрович
Müşterek Yazar: Национальный исследовательский Томский политехнический университет (ТПУ)
Diğer Yazarlar: Гасанов М. А. Магеррам Али оглы
Özet:В монографии анализируются проблемы развития современных структур экономических систем, становления инновационной экономики и формирование её структуры. Рассматриваются причины, факторы и механизмы структурного развития, выявляются закономерности становления новых структур в российской экономике, предлагаются пути и модели структурной модернизации отечественной экономики. Предназначена для научных работников, преподавателей, аспирантов, магистрантов, студентов и специалистов, интересующихся проблемами теории структурных сдвигов.
Dil:Rusça
Baskı/Yayın Bilgisi: Томск, Изд-во ТПУ, 2012
Konular:
Materyal Türü: Kitap
KOHA link:https://koha.lib.tpu.ru/cgi-bin/koha/opac-detail.pl?biblionumber=341192

MARC

LEADER 00000nam0a2200000 4500
001 341192
005 20231220100058.0
010 |a 9785438700166 
035 |a (RuTPU)RU\TPU\book\368689 
090 |a 341192 
100 |a 20180704d2012 k y0rusy50 ca 
101 0 |a rus 
102 |a RU 
105 |a y z 001zy 
200 1 |a Структурные сдвиги в экономике России в условиях инновационного типа развития  |e монография  |f А. П. Тютюшев, М. А. Гасанов 
210 |a Томск  |c Изд-во ТПУ  |d 2012 
215 |a 239 с. 
320 |a Библиогр.: с. 223-238 
330 |a В монографии анализируются проблемы развития современных структур экономических систем, становления инновационной экономики и формирование её структуры. Рассматриваются причины, факторы и механизмы структурного развития, выявляются закономерности становления новых структур в российской экономике, предлагаются пути и модели структурной модернизации отечественной экономики. Предназначена для научных работников, преподавателей, аспирантов, магистрантов, студентов и специалистов, интересующихся проблемами теории структурных сдвигов. 
606 1 |a Инновационная экономика  |2 stltpush  |3 (RuTPU)RU\TPU\subj\67863  |9 83511 
610 1 |a экономические системы 
610 1 |a экономические школы 
610 1 |a структурное развитие 
610 1 |a глобальные кризисы 
610 1 |a государственные стратегии 
610 1 |a государственное регулирование 
610 1 |a трансформации 
610 1 |a монографии 
610 1 |a труды учёных ТПУ 
686 |a У9(2)0-551  |2 rubbk 
700 1 |a Тютюшев  |b А. П.  |g Андрей Петрович 
701 1 |a Гасанов  |b М. А.  |c экономист  |c профессор Томского политехнического университета, доктор экономических наук  |f 1963-  |g Магеррам Али оглы  |3 (RuTPU)RU\TPU\pers\28713  |9 13510 
712 0 2 |a Национальный исследовательский Томский политехнический университет (ТПУ)  |c (2009- )  |3 (RuTPU)RU\TPU\col\15902 
801 1 |a RU  |b 63413507  |c 20180704 
801 2 |a RU  |b 63413507  |c 20180903  |g RCR 
942 |c BK